|
|
|
|
| LEADER |
00000cam a2200000 7i4500 |
| 001 |
0000005016 |
| 002 |
000005407 |
| 005 |
20080122.0 |
| 020 |
|
|
|a 967996325X
|
| 090 |
0 |
0 |
|a 297.1229
|b INT
|
| 245 |
0 |
0 |
|a Intisari seerah Muhammad bin Abdullah S.A.W :
|b mendedahkan teori-teori kepimpinan
|c diselenggarakan oleh Yusof Ismail
|
| 260 |
|
|
|a Kuala Lumpur :
|b A.S.Noordeen ,
|c 1991
|
| 300 |
|
|
|a 126p. ;
|c 21cm.
|
| 650 |
0 |
0 |
|a Muhammad bin Abdullah SAW
|x Prophet
|
| 650 |
0 |
0 |
|a Prophet Muhammad S.A.W
|
| 700 |
0 |
|
|a Yusof Ismail
|
| 999 |
|
|
|a 024136
|b BUKU
|c PINJAMAN
|e PERPUSTAKAAN KOMUNITI PETALING JAYA
|
| 999 |
|
|
|a 024137
|b BUKU
|c PINJAMAN
|e PERPUSTAKAAN KOMUNITI PETALING JAYA
|
| 999 |
|
|
|a 033569
|b BUKU
|c PINJAMAN
|e PERPUSTAKAAN KOMUNITI PETALING JAYA
|